| Tag |
First Indicator |
Second Indicator |
Subfields |
| LEADER |
00000cam a2200000 i 4500 |
| 001 |
in00003450621 |
| 005 |
20210430154345.0 |
| 006 |
m o d f |
| 007 |
cr b|||||a|||| |
| 008 |
140725m20149999dcu ob f000 0 eng c |
| 035 |
|
|
|a (OCoLC)ocn884577463
|
| 042 |
|
|
|a pcc
|
| 043 |
|
|
|a n-us---
|
| 040 |
|
|
|a GPO
|b eng
|e rda
|e pn
|c GPO
|d GPO
|d COO
|d OCLCO
|d GPO
|d MvI
|
| 049 |
|
|
|a WWW
|
| 050 |
1 |
4 |
|a KF32
|b .E55 2014s
|
| 074 |
|
|
|a 1008-I (online)
|
| 086 |
0 |
|
|a Y 1.1/8:113-542/
|
| 110 |
1 |
|
|a United States.
|b Congress.
|b House.
|b Committee on Energy and Commerce,
|e author.
|
| 245 |
1 |
0 |
|a Travel Promotion, Enhancement, and Modernization Act of 2014 :
|b report (to accompany H.R. 4450) (including cost estimate of the Congressional Budget Office).
|
| 264 |
|
1 |
|a [Washington, D.C.] :
|b [U.S. Government Printing Office],
|c [2014]-
|
| 300 |
|
|
|a 1 online resource (volumes).
|
| 336 |
|
|
|a text
|b txt
|2 rdacontent
|
| 337 |
|
|
|a computer
|b c
|2 rdamedia
|
| 338 |
|
|
|a online resource
|b cr
|2 rdacarrier
|
| 490 |
1 |
|
|a Rept. / 113th Congress, 2d session, House of Representatives ;
|v 113-542
|
| 500 |
|
|
|a Title from pt. 1 title screen (viewed on July 25, 2014).
|
| 500 |
|
|
|a "July 22, 2014"--Pt. 1.
|
| 504 |
|
|
|a Includes bibliographical references.
|
| 650 |
|
0 |
|a Tourism
|x Law and legislation
|z United States.
|
| 650 |
|
0 |
|a Place marketing
|x Law and legislation
|z United States.
|
| 610 |
2 |
0 |
|a Corporation for Travel Promotion
|x Appropriations and expenditures.
|
| 655 |
|
7 |
|a Legislative materials.
|2 lcgft
|
| 776 |
0 |
8 |
|i Print version:
|a United States. Congress. House. Committee on Energy and Commerce.
|t Travel Promotion, Enhancement, and Modernization Act of 2014
|w (OCoLC)884886189
|
| 776 |
0 |
8 |
|i Microfiche version:
|a United States. Congress. House. Committee on Energy and Commerce.
|t Travel Promotion, Enhancement, and Modernization Act of 2014
|w (OCoLC)894526006
|
| 810 |
1 |
|
|a United States.
|b Congress.
|b House.
|t Report ;
|v 113-542.
|
| 856 |
4 |
0 |
|u https://purl.fdlp.gov/GPO/gpo50906
|t 0
|
| 856 |
4 |
0 |
|u http://purl.fdlp.gov/GPO/gpo50906
|t 0
|
| 999 |
f |
f |
|s 5326f280-2bef-3d4a-9b74-838396801aac
|i 391c823e-42bf-356b-a110-e8726c791d8d
|t 0
|
| 952 |
f |
f |
|a Texas A&M University
|b College Station
|c Electronic Resources
|d Available Online
|t 0
|e Y 1.1/8:113-542/
|h Superintendent of Documents classification
|
| 998 |
f |
f |
|a Y 1.1/8:113-542/
|t 0
|l Available Online
|